| 000 | 00452nam a2200157Ia 4500 | ||
|---|---|---|---|
| 008 | 230312s9999||||xx |||||||||||||| ||und|| | ||
| 020 | _a1-55642-580-5 | ||
| 082 |
_a615.8203 _bBOT-Q |
||
| 100 | _aBottomley;Jennifer | ||
| 245 | 0 | _aQuick Reference Dictionary for Physical Therapy | |
| 260 |
_bSlack Incorporated _aUSA _c2003 |
||
| 300 | _a574 | ||
| 546 | _aEng. | ||
| 650 |
_aPhysiotherapy _vQuick Reference Dictionary for Physical Therapy |
||
| 942 | _cBK | ||
| 999 |
_c8064 _d8064 |
||